Normal view MARC view

Entry Personal Name

Number of records used in: 1

001 - CONTROL NUMBER

  • control field: 28537

003 - CONTROL NUMBER IDENTIFIER

  • control field: OSt

005 - DATE AND TIME OF LATEST TRANSACTION

  • control field: 20211101112047.0

008 - FIXED-LENGTH DATA ELEMENTS

  • fixed length control field: 211101|| aca||aabn | a|a d

040 ## - CATALOGING SOURCE

  • Original cataloging agency: OSt
  • Transcribing agency: OSt

100 ## - HEADING--PERSONAL NAME

  • Personal name: Winston, Clifford

670 ## - SOURCE DATA FOUND

  • Source citation: Work cat.: (OSt)518106: Winston, Clifford , Back to the good or were they the bad - old days of antitrust? A review essay of Jonathan B. Baker's the antitrust paradigm: Restoring a competitive economy

Powered by Koha